[Event "Boksburg Inter Region-ch"]
[Site "Boksburg"]
[Date "2016.12.22"]
[Round "6.2"]
[White "Van den Berg, Ane"]
[Black "Collier, Norman"]
[Result "1-0"]
[WhiteElo "1115"]
[BlackElo "1510"]
[PlyCount "53"]
[EventDate "2016.12.20"]
[EventType "team-swiss"]
[EventRounds "7"]
[EventCountry "RSA"]
[SourceTitle "CBM 176 Extra"]
[Source "ChessBase"]
[SourceDate "2017.03.02"]
[SourceVersion "1"]
[SourceVersionDate "2017.03.02"]
[SourceQuality "1"]
[WhiteTeam "Little Knights"]
[BlackTeam "The Passed Pawns"]
[WhiteTeamCountry "RSA"]
[BlackTeamCountry "RSA"]

1. d4 e5 2. dxe5 Nc6 3. Nf3 Qe7 4. Bf4 Qb4+ 5. Bd2 Qxb2 6. Nc3 Bb4 7. Rb1 Qa3 8. Nb5 Bxd2+ 9. Nxd2 Qa5 10. c3 a6 11. Nc4 Qxa2 12. Nxc7+ Kd8 13. Nxa8 Qxc4 14. Qb3 Qxb3 15. Rxb3 Nxe5 16. e4 b5 17. Nb6 Nf6 18. c4 Nxe4 19. cxb5 Re8 20. bxa6 Nc5 21. Re3 Nxa6 22. Nxc8 Nb4 23. Nd6 Nc2+ 24. Kd2 Nxe3 25. Nxe8 Nxf1+ 26. Rxf1 Kxe8 27. Re1 1-0